000 00789nam a22002537a 4500
999 _c417296
_d417296
001 129426
003 UA-OsUOA
005 20230504161353.0
007 ta
008 20180302b un ||||| |||| 00| 0 ukr d
020 _a9786171243255
040 _aUA-OsUOA
_bukr
_cUA-OsUOA
_dUA-OsUOA
041 _aukr
080 _a579.2
090 _a579.2
_bС15
100 _aСакс Дж. С.
245 _aМікроби гарні та не дуже: здоров'я і виживання у світі бактерій
260 _aХарків
_bКлуб сімейного дозвілля
_c2018
300 _a336 с.
650 7 _a579 Мікробіологія
_2UDC
942 _cBK
_2udc
955 _a1